| 000 | 00441nam a2200145 i 4500 | ||
|---|---|---|---|
| 001 | 50629 | ||
| 003 | ES-MaACL | ||
| 007 | t| | ||
| 008 | 030805s1909 xxu ||||1| eng d | ||
| 100 | 1 |
_aChadwick, French Ensor. _937775 |
|
| 245 | 1 | 4 |
_aThe relations of the United States and Spain _b: diplomacy / _cFrench Ensor Chadwick. |
| 260 |
_aNew York : _bCharles Scribner's Sons, _c1909. |
||
| 300 |
_a610 p. ; _c24 cm. |
||
| 852 |
_aES-MaACL _jG-13460 |
||
| 999 |
_c50629 _d50629 |
||